000
00315nam a22001217a 4500
008
180604b xxu||||| |||| 00| 0 eng d
041
_a
eng
080
_a
043.3
100
_a
0
101
_a
MBE-BA
245
_a
Qeverisja e Korporatave si Mekanizem per Nxitjen e Zhvillimit Ekonomik
_c
Shllaku, Sh
942
_2
udc
_c
BK
999
_c
46253
_d
46253